Retail at crossroads : (Record no. 81850)

MARC details
000 -LEADER
fixed length control field 00603nam a22002057a 4500
005 - DATE AND TIME OF LATEST TRANSACTION
control field 20140115110610.0
010 ## - LCCN (DPL NO)
LC control number ENG-109087
020 ## - INTERNATIONAL STANDARD BOOK NUMBER
International Standard Book Number 9788174469267
Terms of availability 295.00
035 ## - SYSTEM CONTROL NUMBER
System control number EN-92620
037 ## - SOURCE OF ACQUISITION
Source of stock number/acquisition DBAD/PUB
082 ## - DEWEY DECIMAL CLASSIFICATION NUMBER
Classification number 658.87
100 ## - MAIN ENTRY--PERSONAL NAME
Personal name Rathod,Raju
245 ## - TITLE STATEMENT
Title Retail at crossroads :
Statement of responsibility, etc by Raju Rathod [and] Amit Jain
Remainder of title strategies for success /
260 ## - PUBLICATION, DISTRIBUTION, ETC. (IMPRINT)
Place of publication, distribution, etc New Delhi
Name of publisher, distributor, etc Excel Books
Date of publication, distribution, etc 2011
270 ## - ADDRESS
Address A- 45, Naraina, Phase 1
City New Delhi
Postal code 110028
300 ## - PHYSICAL DESCRIPTION
Extent vii,126p.
Dimensions 24cm(pbk)
500 ## - GENERAL NOTE
General note Includes index
700 ## - ADDED ENTRY--PERSONAL NAME
Personal name Jain,Amit
942 ## - ADDED ENTRY ELEMENTS (KOHA)
Source of classification or shelving scheme Dewey Decimal Classification
Item type English Books
Call number suffix RAT
Classification part 658.87
Holdings
Withdrawn status Lost status Not for loan Collection code Home library Current library Date acquired Source of acquisition Cost, normal purchase price Full call number Barcode Copy number Cost, replacement price Koha item type
    Not For Loan Non-fiction D.B.Act.Division D.B.Act.Division 13/01/2014 DBAD/PUB 295.00 658.87 RAT EN-92620 1 295.00 English Books

© Delhi Public Library
Hit Counter
free hit counter